The Mahatama : (Record no. 131014)

MARC details
000 -LEADER
fixed length control field 00617nam a22002297a 4500
005 - DATE AND TIME OF LATEST TRANSACTION
control field 20170124110121.0
010 ## - LIBRARY OF CONGRESS CONTROL NUMBER
LC control number A-605714
020 ## - INTERNATIONAL STANDARD BOOK NUMBER
Terms of availability 00.00
International Standard Book Number 0863113699
035 ## - SYSTEM CONTROL NUMBER
System control number A-605714
037 ## - SOURCE OF ACQUISITION
Source of stock number/acquisition Cen Lib/Ret
040 ## - CATALOGING SOURCE
Original cataloging agency DPL
Language of cataloging EN
082 ## - DEWEY DECIMAL CLASSIFICATION NUMBER
Classification number N
Item number RAO
100 ## - MAIN ENTRY--PERSONAL NAME
Personal name Rao, Mukunda
9 (RLIN) 30582
245 ## - TITLE STATEMENT
Title The Mahatama :
Statement of responsibility, etc by Mukunda Rao
Remainder of title a novel /
260 ## - PUBLICATION, DISTRIBUTION, ETC. (IMPRINT)
Name of publisher, distributor, etc Orient Longman
Date of publication, distribution, etc 1992
Place of publication, distribution, etc Madaras
270 ## - ADDRESS
City Madaras
Address 160, anna salai
Postal code 600004
300 ## - PHYSICAL DESCRIPTION
Extent 169p.
Dimensions 21cm(Hb)
500 ## - GENERAL NOTE
General note Includes glossary
650 ## - SUBJECT ADDED ENTRY--TOPICAL TERM
Topical term or geographic name as entry element Statesmen--Biography
9 (RLIN) 30583
650 ## - SUBJECT ADDED ENTRY--TOPICAL TERM
Topical term or geographic name as entry element Statesmen
9 (RLIN) 8466
942 ## - ADDED ENTRY ELEMENTS (KOHA)
Source of classification or shelving scheme Dewey Decimal Classification
Koha item type English Books
Classification part N
Call number suffix RAO
Holdings
Withdrawn status Lost status Damaged status Not for loan Home library Current library Date acquired Source of acquisition Cost, normal purchase price Total Checkouts Full call number Barcode Date last seen Copy number Cost, replacement price Price effective from Koha item type Public note
Written off       Central Library Central Library 11/07/2015 Cen Lib/Ret 0.00   N RAO A-605714 11/07/2015 1 0.00 11/07/2015 English Books W/d List No. 6865/16 ; dtd 08/08/2020
        Central Library Central Library 11/07/2015 Cen Lib/Ret 0.00   N RAO A-609300 11/07/2015 2 0.00 15/09/2016 English Books  

© Delhi Public Library
Hit Counter
free hit counter